000 01094nam a2200277 a 4500
003 DO-SdBNP
005 20250310124725.0
007 ta
008 220120e2019 dr aco|fr|||| 001 edspa d
020 _a9789945220070
040 _aDO-SdBNP
_bspa
_cBNPHU
082 4 _222
_bE91h
100 1 _980591
_a Eusebio Polanco, Héctor
245 1 0 _aHospital Universitario Maternidad Nuestra Señora de la Altagracia:
_b70 años de historia /
_cHéctor Manauel Eusebio P.; Prólogo de Ángel Caputo Antonio.
246 _aHospital universitario maternidad Nuestra Señora de la Altagracia:
_bsetenta años de historia
260 _aSanto Domingo :
_bBúho,
_c2019
300 _a132 p. ;
_bil., fotogr., retr.
_c21 cm
500 _aIncluye datos biográficos del autor en la solapa de la portada.
500 _aIncluye referencias bibliográficas: p. 131- 132
505 _aAgradecimiento.--
590 _aInventariado 2022 / MF
650 7 _aHospitales
_zRepública Dominicana
_xHistoria
_976843
_2LEMB
700 _942973
_aCaputo Antonio, Ángel
_epról.
910 _aMFéliz
942 _2ddc
_cLBS1
999 _c51208
_d51208